Регионална библиотека "Любен Каравелов" - Русе

Шестте рамки на мислене (Запис номер 197774)

MARC детайли
000 -Лидер
Контролно поле с фиксирана дължина 02058nam a2200409 c 4500
003 - Код на организацията, давaща контролен номер
Контролно поле BLK
005 - Дата и час на последна редакция
Контролно поле 20240108095925.0
008 - Елементи от данни с фиксирана дължина
fixed length control field 180411b bul|||||r ||||||| ||bul||
010 ## - Наследен системен номер
LC control number KNG00207058000
020 ## - Международен стандартен номер на книга ISBN
Международен стандартен номер на книга ISBN 978-954-783-121-6
-- издат.: Локус
040 ## - Източник на каталожния запис
Идентификатор на билиотеката - собственик на записа BLK
041 ## - Код за език
Код за езика на текст/звукозапис или на отделно заглавие Български
Код за езика КДБФ Български
072 #7 - Код за тематичната категория
Код организация bullib
Код за тематична категория Н15
Текст Психология Н
080 ## - УДК
Текстов определител УДК Мислене. Представа - Абстракция. Подбор. Сравнение. Размисъл. Преценка. Мнение. Умозаключение. Индукция. Дедукция. Евристика. Мислене и говорене. Рефлексия (психол.)
УДК код - определител по УДК 159.955
УДК определител (02.062)
УДК - код + определител 159.955(02.062)
080 ## - УДК
Текстов определител УДК Психотехника. Приложна психология. Психотестове. Консултативна психология
УДК код - определител по УДК 159.98
УДК определител (02.062)
УДК - код + определител 159.98(02.062)
100 1# - Редна дума - Автор
Автор Де Боно, Едуард
Авторска отговорност първи автор
R(LIN) 270403
139 ## - Редно поле
Редна дума Де Боно, Едуард
Авторски знак Де - Д 30
245 10 - Сведения за заглавието
Заглавие Шестте рамки на мислене
Редно поле (дума) Едуард Де Боно; прев. Жанета Стефанова Христова.
257 ## - Страна на издаване
Страна на създаване/издаване Малта
260 ## - Област на издателските данни
-- София
Име на издателя, разпространителя и проч. Локус
Година на издаване 2010
Печатница София : ПК Д. Благоев
300 ## - Физическа характеристика
Страници 127 с.
Илюстрации и др. с ил.
Размери/Мащаб 21 см
380 ## - Жанр
Жанр Философия
500 ## - Общи забележки
Забележка Ориг. загл. Six Frames for Thinking about Information / Edward de Bono. - За автора.
650 #4 - Допълнително описание по предмет – тема
Основно описание – тема или топоним Мислене - психология
9 (RLIN) 251239
650 #4 - Допълнително описание по предмет – тема
Основно описание – тема или топоним Психология - популярна литература
9 (RLIN) 288660
650 #4 - Допълнително описание по предмет – тема
Основно описание – тема или топоним Психотехника
9 (RLIN) 168425
653 ## - Ключова дума – ненормативна
Ключова дума мислене
653 ## - Ключова дума – ненормативна
Ключова дума психотехника
659 ## - Тематичен бюлетин
Тематичен бюлетин Н
700 1# - Други автори (авторска отговорност)
Лично име Христова, Жанета Стефанова
Автороска отговорност (Описва отношението между автора и произведението) прев.
9 (RLIN) 347988
852 ## - Местоположение
Форматна сигнатура Цб 285835
856 4# - Електронен адрес и достъп
Електронен формат pdf - файл
Път до файла /url/
856 4# - Електронен адрес и достъп
Електронен формат pdf - файл
Път до файла /url/
942 ## - АРТИКУЛИ
Вид на библиотечния материал Книги
Скрит в OPAC Не
Koha issues (borrowed), all copies 13
944 ## - СЪЗДАВАНЕ И РЕДАКЦИЯ на ЗАПИСА
Създаване/Редакция Създаване
Дата на регистрацията/редакция 26.05.2017
Статус, дата на статуса Минев Младен
Служител, извършил регистрацията/редакцията 30530
944 ## - СЪЗДАВАНЕ И РЕДАКЦИЯ на ЗАПИСА
Създаване/Редакция Редакция
Дата на регистрацията/редакция 09.06.2017
Статус, дата на статуса ф /
Служител, извършил регистрацията/редакцията Людмила_Стоянова
999 ## - СИСТЕМНИ КОНТРОЛНИ НОМЕРА
Koha biblionumber 197774
Koha biblioitemnumber 197774
Наличности
Код за отписване Код за изгубен артикул Източник на класификационната схема Код за повреда Коз за рестрикции Код за отдаване Артикулен № Име на библиотеката - собственик Име на библиотеката, в която се намира в момента Статус (Текущо местоположение) Дата на вписване в системата Местоположение - отдел Цена в лева Инвентарен номер Систематично азбучна сигнатура Баркод Номер на екземпляра Цена в евро Служебна бележка Служебен тип на артикула
  Не е изгубен Universal Decimal Classification Не е повреден без рестрикции заемане за дома 344220 Регионална библиотека "Любен Каравелов" Русе Регионална библиотека "Любен Каравелов" Русе Заемна - подръчен фонд 2017-05-26 Заемна - подръчен фонд 5.00 120000811343 159.95/Д 30 Е 120000811343 1 2.56 Дост: Pk Вид: Ф N: 490 Дата: 26.05.2017 Книги
Vip Innovations Ltd, Rousse, Bulgaria 2025